| 000 | 00600nam a2200205 u 4500 | ||
|---|---|---|---|
| 005 | 20240228063632.0 | ||
| 008 | 090527s2002 es r 000 0 spa d | ||
| 020 | _a8439280963 | ||
| 035 | _aUPN01000170728 | ||
| 049 | _aI | ||
| 050 | 4 |
_aPZ71 _bF3.7 |
|
| 100 | 1 |
_aFarias, Juan, _d1935- _930834 |
|
| 245 | 1 | 0 |
_aRonda de suspiros / _cJuan Farias ; il. de Tino Gatagán. |
| 260 |
_aMadrid : _bGaviota, _c2002. |
||
| 300 |
_a69 p. : _bil. col. |
||
| 650 | 0 |
_aAmor en la literatura _94325 |
|
| 650 | 4 |
_aLiteratura infantil española _95892 |
|
| 650 | 4 |
_aRELIGION Y LITERATURA _95168 |
|
| 905 | _aInfantil | ||
| 999 |
_c142833 _d142833 |
||